00359nam a2200145Ia 4500008004100000041000800041082001400049100002900063245004100092250000800133260003000141300000800171542001500179650001900194220531s9999 xx 000 0 und d aeng bSTU / JHA aJha, A. K. / Naik, R. K. aStudies of Indian Writing in English a1ST aNew DelhibCrescentc2014 a260 d07-09-2017 aIndian Writing